| 000 | 00000nam##2200000za#4500 |
| 001 | 9.557699 |
| 003 | CaOODSP |
| 005 | 20210624172023 |
| 007 | cr ||||||||||| |
| 008 | 150406|1993||||xxc|||||o f|0| 0 eng|d |
| 040 | |aCaOODSP|beng |
| 043 | |an-cn--- |
| 086 | 1 |aNH18-22/93-201E-IN |
| 110 | 2 |aCanada Mortgage and Housing Corporation. |
| 245 | 10|aAttic ventilation and moisture |h[electronic resource] |
| 260 | |aOttawa - Ontario : |bCanada Mortgage and Housing Corporation |
| 300 | |a3p. (59 KB) |
| 490 | 1 |aResearch and development highlights; technical series |v93-201 |
| 590 | |a01-12|b2001-03-23 |
| 690 | 07|aHousing|2gcpds |
| 690 | 07|aAir quality|2gcpds |
| 775 | 08|tHumidité et ventilation du grenier / |w(CaOODSP)9.607625 |
| 830 | #0|aResearch and development highlights; technical series ;|v93-201|w(CaOODSP)9.504481 |
| 856 | 40|ahttp://publications.gc.ca|qPDF|s59 KB|uhttps://publications.gc.ca/collections/Collection/NH18-22-93-201E.pdf|y93-201 |